Culture générale par lettre - A. - Statistiques

Statistiques générales
  • Ce quiz a été pris 7 237 fois
  • Le résultat moyen est 9 sur 15
Statistiques - réponses
Question Réponse % Correct
1er homme à avoir marché sur la lune. Neil Armstrong
92%
Héros gaulois de bande dessiné. Astérix
89%
Chanteuse britannique interprète de "Hello" et "Easy on me". Adèle
87%
Boxeur américain décédé en 2016, qui évoluait en catégorie poids lourds, considéré comme un des plus grands boxeurs de tous les temps Mohamed Ali
78%
Monument Parisien qui s'élève au centre de la place Charles-de-Gaulle. Arc de Triomphe.
73%
Pays Sud-Africain lusophone fondé en 1975. Angola.
69%
Être spirituel, intermédiaire entre Dieu et l'homme, messager des volontés divines. Ange.
65%
Personnage d'une série d'animation Japonaise diffusé en France dans les années 80, surnommé le "corsaire de l'espace". Albator
64%
Son nom scientifique est "acide désoxyribonucléique" ADN
60%
Substance défensive engendrée par l'organisme en présence d'un antigène dont elle neutralise l'effet toxique. Anticorps
54%
Le plus grand des oiseaux, pouvant atteindre une vitesse de course de 70 km/h. Autruche
52%
Dieu funéraire de l'Égypte antique, fils de Nephthys et d'Osiris. Anubis
44%
Désigne la peur de l'avion. Aérophobie.
42%
Titre Français d'un film Américain, qui a pour titre original "The purge". American Nightmare
41%
Capitale du Nigeria. Abuja
29%
Aucun quiz correspondant
Distribution des résultats
% des personnes avec chaque résultat
Percentile par nombre de réponses
Votre historique - résultats
Vous n’avez pas pris ce quiz